Aritmetičeskije gruppy = Arithmetic groups
Guardado en:
| Autor principal: | |
|---|---|
| Formato: | Libro |
| Lenguaje: | ruso |
| Publicado: |
Moskva :
Mir,
1983
|
| Etiquetas: |
Sin Etiquetas, Sea el primero en etiquetar este registro!
|
MARC
| LEADER | 00000nam a22000003a 4500 | ||
|---|---|---|---|
| 001 | stu95067 | ||
| 005 | 20150617225814.4 | ||
| 008 | 050718s1983------------------------rus-d | ||
| 040 | |a STU |b slo | ||
| 041 | 0 | |a rus | |
| 080 | |a 512.54 | ||
| 100 | 1 | |a Humphreys, James F |4 aut | |
| 245 | 1 | |a Aritmetičeskije gruppy = Arithmetic groups | |
| 260 | |a Moskva : |b Mir, |c 1983 | ||
| 300 | |a 207 s | ||
| 996 | |b E54156 |c E*54156 |l EE03 |s P |a 0 |w stu95067_0001 | ||